Normal view
MARC view
- Tariq Ismail Sagar, Tariq Ismail Tariq Ismail Sagar
Entry Personal Name
001 - CONTROL NUMBER
- control field: 58935
003 - CONTROL NUMBER IDENTIFIER
- control field: NUST
005 - DATE AND TIME OF LATEST TRANSACTION
- control field: 20210628202233.0
008 - FIXED-LENGTH DATA ELEMENTS
- fixed length control field: 210628|| aca||aabn | a|a d
040 ## - CATALOGING SOURCE
- Original cataloging agency: NUST
- Transcribing agency: NUST
100 ## - HEADING--PERSONAL NAME
- Personal name: Tariq Ismail Sagar, Tariq Ismail Tariq Ismail Sagar
670 ## - SOURCE DATA FOUND
- Source citation: Work cat.: (NUST): Tariq Ismail Sagar, Tariq Ismail Tariq Ismail Sagar, Aey rahey haq key shahedoo, 2001
